Score 0/18 Timer 02:00
0 Plays Today
Hint Answer % Correct
Celebrity #1Jennifer
99.2%
Celebrity #5Lee
89.7%
Celebrity #5Jamie
89.2%
Celebrity #4Williams
88.6%
Celebrity #2Morgan
87.1%
Celebrity #1Love
85.9%
Celebrity #3Jessica
85.1%
Celebrity #1Hewitt
82.6%
Celebrity #5Curtis
82.6%
Hint Answer % Correct
Celebrity #2Dean
81.1%
Celebrity #3Sarah
81%
Celebrity #3Parker
76.9%
Celebrity #4Billy
68.4%
Celebrity #4Dee
57.4%
Celebrity #2Jeffrey
53.9%
Celebrity #6Lloyd
47.8%
Celebrity #6Andrew
46%
Celebrity #6Webber
39.5%

Today's Daily Dose

Remove Ads.
Support Sporcle.
Get the best of Sporcle when you Go Orange. This ad-free experience offers more features, more stats, and more fun while also helping to support Sporcle. Thank you for becoming a member.

You're not logged in!

Compare scores with friends on all Sporcle quizzes.
OR
Log In

Show Comments

Extras

Top Quizzes Today


Score Distribution

Your Account Isn't Verified!

In order to create a playlist on Sporcle, you need to verify the email address you used during registration. Go to your Sporcle Settings to finish the process.

Report this User

Report this user for behavior that violates our Community Guidelines.

Details: